00382nam a2200121Ia 450000500170000000800410001708200130005810000210007124500620009226000390015430000130019350000540020620250317133845.0240331s9999 xx 000 0 und d bKANa894 aKaneshlingham, S 0aVilankilla adimaikal :boru samakala varalaattup puthinam aChennaibKumaran Pathippagamc1991 a132 p ., aIlanagaiyin theshiya ina pirachanai patriya novel